Logo BPK

Biblioteka

Politechniki Koszalińskiej

The Sardonic Smile / (Rekord nr 48708)

Szczegóły MARC
000 -ETYKIETA REKORDU
podpole kontrolne o stałej długości 00675nam a2200193 i 4500
001 - NUMER KONTROLNY REKORDU
pole kontrolne bgj
040 ## - ŹRÓDŁO KATALOGOWANIA
Instytucja, która utworzyła rekord BPK
041 0# - KOD JĘZYKA
Kod języka tekstu eng
Kod języka oryginału ger
008 - POLE O STAŁEJ DŁUGOŚCI - DANE KONTROLNE
podpole kontrolne o stałej długości s uk f |000 0 eng
100 1# - NAZWA OSOBOWA
Nazwa osobowa DIEHL, Ludwig
Daty związane z nazwą (1880- ).
245 10 - TYTUŁ/ODPOWIEDZIALNOŚĆ
Tytuł The Sardonic Smile /
Pozostałe elementy strefy tytułu i oznaczenia odpowiedzialności Ludwig Diehl ; being the authorized translation of Ahasuerus by Ludwig Diehl by Louise Collier Willcox.
260 ## - STREFA ADRESU WYDAWNICZEGO
Miejsce wydania Boston :
Nazwa wydawcy/dystrybutora Houghton Mifflin Company,
Data publikacji, dystrybucji/powstania dokumentu 1926
Miejsce wydania New York.
300 ## - STREFA OPISU FIZYCZNEGO
Objętość 299 pp ;
Rozmiary 20 cm.
500 ## - UWAGI OGÓLNE
Tekst uwagi At the head of title: The romantic life of Henrich Heine.
600 19 - HASŁO PRZEDMIOTOWE W FORMIE NAZWY OSOBOWEJ
Nazwa osobowa HEINE Heinrich, 1797-1856
655 ## - TERMIN INDEKSOWY - OKREŚLENIE RODZAJU/FORMY DOKUMENTU
Określenie rodzaju/formy dokumentu Fiction
700 1# - HASŁO DODATKOWE - NAZWA OSOBOWA
Nazwa osobowa WILLCOX, Louis Collier
Daty związane z nazwą (1865-1929).
Określenie związku między hasłem a opisywanym materiałem transl.
856 ## - LOKALIZACJA I DOSTĘP DO ELEKTRONICZNYCH DOKUMENTÓW ZDALNYCH
Link (URL) http://koha.tu.koszalin.pl/cgi-bin/koha/opac-detail.pl?biblionumber=48708
Tekst linku Katalog online BPK
942 ## - DODATKOWE ELEMENTY (KOHA)
Typ dokumentu Książka
Egzemplarze
Wycofany Status egzemplarza Uszkodzony Dostępność Lokalizacja stała Lokalizacja bieżąca Miejsce przechowywania Sygnatura Kod kreskowy Typ dokumentu
      Dostępny Biblioteka Politechniki Koszalińskiej Biblioteka Politechniki Koszalińskiej Wypożyczalnia Językowa KA 6018 09052031 Książka
© 2023 Biblioteka Politechniki Koszalińskiej :: KOHA